| 000 | 00921nas a2200301 4500 | ||
|---|---|---|---|
| 001 | BR0902981 | ||
| 003 | BR-BrBNA | ||
| 005 | 20231205113417.0 | ||
| 007 | ta | ||
| 008 | 230509b bl.|||p| |||| 00| 00por d | ||
| 040 |
_aBR-BrBNA _bpor _cBiblioteca Nacional de Agricultura |
||
| 041 | _a(Pt) | ||
| 072 | _aH60; F08 | ||
| 100 | 1 | _aNunes, A.S. | |
| 100 | 1 | _aTimossi, P.C. | |
| 100 | 1 | _aPavani, M.C.M.D. | |
| 100 | 1 | _aAlves, P.L.C.A. | |
| 245 | 1 | _aÉpocas de manejo químico de Brachiaria decumbens antecedendo o plantio direto de soja | |
| 650 | _aSOJA | ||
| 650 | _aCAPIM BRACHIARIA | ||
| 650 | _aHERBICIDA | ||
| 650 | _aCONTROLE QUIMICO | ||
| 650 | _aPLANTIO DIRETO | ||
| 773 | 0 |
_tPlanta Daninha (Brazil) _xISSN 0100-8358 _g(Apr-Jun 2009), v. 27(2) p. 297-302 _wBR0902981 |
|
| 856 | 4 | 0 | _uhttp://www.aprh.pt/rgci/pdf/rgci-155_Borges.pdf |
| 909 |
_a202311 _bLúcia _c55 _dLúcia Elande |
||
| 942 |
_2AGRIS _n0 _cANA |
||
| 999 |
_c203627 _d203627 |
||